[Event "IECC O email"]
[Site "IECC email"]
[Date "1999.01.21"]
[Round "?"]
[White "Gibbs, Iain R"]
[Black "Wilde, Pat"]
[Result "1-0"]
[WhiteElo "1200"]
[BlackElo "1048"]
[PlyCount "101"]
[EventDate "1999.??.??"]
[EventType "tourn (corr)"]
[EventRounds "6"]
[SourceTitle "Corr 2008"]
[Source "ChessBase"]
[SourceDate "2008.06.24"]
[SourceVersion "1"]
[SourceVersionDate "2008.06.24"]
[SourceQuality "1"]

1. e4 e5 2. Nf3 Nc6 3. Bb5 a6 4. Bxc6 bxc6 5. Nxe5 Bd6 6. Qh5 Qe7 7. d4 Nf6 8. Qxf7+ Qxf7 9. Nxf7 Kxf7 10. e5 Re8 11. 0-0 Bxe5 12. dxe5 Rxe5 13. Na3 d5 14. Bf4 Re7 15. Rae1 Bg4 16. Rxe7+ Kxe7 17. Bxc7 Kd7 18. Ba5 Re8 19. f3 Bf5 20. c4 Re2 21. Rf2 Rxf2 22. Kxf2 Kd6 23. Bc3 Ke6 24. g4 Bd3 25. b3 g6 26. Bxf6 Kxf6 27. Kg3 d4 28. Kf2 Ke5 29. h4 h5 30. gxh5 gxh5 31. b4 Bf5 32. b5 axb5 33. cxb5 cxb5 34. Nxb5 d3 35. Ke3 Bg6 36. Nc3 Kf5 37. Kxd3 Kf4+ 38. Ke2 Kg3 39. Ne4+ Kxh4 40. Kf2 Kh3 41. Ke3 Kg2 42. a4 h4 43. a5 h3 44. Nf2 h2 45. a6 Be8 46. a7 Bc6 47. f4 Kg3 48. f5 h1Q 49. Nxh1+ Bxh1 50. f6 Bd5 51. Kd4 1-0